000 00578nam a22001937a 4500
010 _aB-161847
020 _a8189093010
_c90.00
035 _aB-161847
037 _aCen Lib/Ret
040 _aDPL
_bEN
082 _a615.892
_bVAS
100 _aVasudevan, Bhavani
_9114007
245 _aTeach yourself effectively feng shui
_cby Bhavani Vasudevan [and] Reiki Grand Master
260 _aNew Delhi ;
_bLotus Press,
_c2005
300 _a147p ;
_b24cm
650 _aMedical science
_9114008
650 _aPharmacology
_916608
942 _2ddc
_cEN
_h615.892
_mVAS
999 _c136198
_d136198